Αφηγήσεις γυναικών : η πολιτισμική αναπαράσταση της θηλυκότητας μέσα από την βιωματική εμπειρία του καρκίνου του μαστού
Αποθηκεύτηκε σε:
| Κύριος συγγραφέας: | |
|---|---|
| Συγγραφή απο Οργανισμό/Αρχή: | |
| Μορφή: | Thesis Βιβλίο |
| Γλώσσα: | Greek |
| Δημοσίευση: |
2008.
|
| Θέματα: | |
| Διαθέσιμο Online: | http://hdl.handle.net/11610/11711 |
| Ετικέτες: |
Προσθήκη ετικέτας
Δεν υπάρχουν, Καταχωρήστε ετικέτα πρώτοι!
|
MARC
| LEADER | 00000cam a2200000 i 4500 | ||
|---|---|---|---|
| 001 | 1/765 | ||
| 008 | 090803s2008 gr | ||| |||| ||gre|| | ||
| 035 | |l 10105353 | ||
| 040 | |a GR-MyUa |b gre |e AACR2 | ||
| 041 | 0 | |a gre | |
| 082 | 7 | |a 305.4 |2 (22) | |
| 100 | 1 | |a Γερακάκη, Ιωάννα. | |
| 245 | 1 | 0 | |a Αφηγήσεις γυναικών : |b η πολιτισμική αναπαράσταση της θηλυκότητας μέσα από την βιωματική εμπειρία του καρκίνου του μαστού / |c Γερακάκη Ιωάννα ; επόπτης καθηγητής: Γιαννακόπουλος Κωνσταντίνος. |
| 260 | |c 2008. | ||
| 300 | |a 93 σ. ; |c 24 εκ. | ||
| 502 | |a Διατριβή (μεταπτυχιακή) – Πανεπιστήμιο Αιγαίου, Λέσβος, 2008. | ||
| 504 | |a Βιβλιογραφία: σ. 88-93. | ||
| 650 | 0 | 0 | |a Breast |x Cancer |x Patients. |
| 650 | 0 | 0 | |a Femininity. |
| 650 | 0 | 0 | |a Discourse analysis, Narrative. |
| 650 | 0 | 0 | |a Women |x Psychology. |
| 650 | 0 | 0 | |a Women |x Diseases. |
| 650 | 0 | 0 | |a Dissertations, Academic |z Greece. |
| 700 | 1 | |a Γιαννακόπουλος, Κώστας, |e dgs | |
| 710 | 2 | |a Πανεπιστήμιο Αιγαίου |b Σχολή Κοινωνικών Επιστημών |b Τμήμα Κοινωνικής Ανθρωπολογίας και Ιστορίας |b Πρόγραμμα Μεταπτυχιακών Σπουδών Γυναίκες και Φύλα: Ανθρωπολογικές και Ιστορικές Προσεγγίσεις. | |
| 852 | |a INST |b LESVOS |c DIATR |e 20090803 |h 89 |p 005100045666 |q 005100045666 |t MTXE |y 23 | ||
| 852 | |a INST |b LESVOS |c DIATR |e 20090803 |h 90 |p 005100045667 |q 005100045667 |t MTXE |y 23 | ||
| 856 | |u http://hdl.handle.net/11610/11711 | ||
| 901 | |a BIBL1-2009-2 | ||
| 924 | |a Γερακάκη |b Ιωάννα |y Λέσβος |z 2008-11 | ||
| 970 | |a ΤΖΑΦΕΡΗ |b ΕΥΑΓΓΕΛΙΑ |z 2009/08/03 | ||